000
00289nam a2200133 a 4500
001
4140
005
20140414132038.0
008
090218s19uu xx 00 eng d
050
_a
TR
_b
L72 1996
100
_a
Carle, Eric
245
_a
A little cloud.
999
_c
113785
_d
113785